000 00868nam a2200265Ia 4500
003 OSt
005 20220918171337.0
006 a|||||r|||| 00| 0
007 ta
008 220917b |||||||| |||| 00| 0 eng d
020 _a9781509539420 (pbk)
_cUSD 15.95
024 _a354,289
037 _b14504, 29/12/2021, Elite Publishers Distributors
_cTextual
040 _aARTS
_cARTS
_beng
041 _2eng
_aeng
082 _aR:(W), R1
100 _aCesare Donatella Di Au.
_935991
245 0 _aPolitical vocation of philosophy
260 _aCambridge
_bPolity UK
_c2021
300 _avi,161p.
_ccm.
650 _aPHILOSOPHY; POLITICAL SCIENCE
_931522
700 _a Broder David Tr.
_935992
942 _hR:(W), R1
_cTEXL
_2CC
999 _c139156
_d139156